| 000 | 00468nam a2200157Ia 4500 | ||
|---|---|---|---|
| 005 | 20250321085729.0 | ||
| 008 | 240331s9999 xx 000 0 und d | ||
| 020 | _a8120600215 | ||
| 082 |
_bPOP _a894 |
||
| 100 | _aPope, G.U | ||
| 245 | 4 | _aThe sacred kurral of thiruvalluva-nayanar | |
| 260 |
_aMadras _bAsian Educational Services _c1990 |
||
| 300 | _a80 p ., | ||
| 500 | _aTiruvalluva - nayanar with Indrouction, translation notes lexicon and concordance | ||
| 942 | _cL | ||
| 999 |
_c4117 _d4117 |
||